Hóa sinh học cây trồng nông nghiệp

Đã lưu trong:
書目詳細資料
主要作者: B P Pleskov
格式: 圖書
語言:Undetermined
出版: Hà Nội KHKT 1970
主題:
標簽: 添加標簽
沒有標簽, 成為第一個標記此記錄!
Thư viện lưu trữ: Trung tâm Học liệu Trường Đại học Cần Thơ
LEADER 00521nam a2200181Ia 4500
001 CTU_8735
008 210402s9999 xx 000 0 und d
082 |a 581.192 
082 |b P726 
100 |a B P Pleskov 
245 0 |a Hóa sinh học cây trồng nông nghiệp 
245 0 |c B P Pleskov; Dịch giả: Lê Doãn Diên 
260 |a Hà Nội 
260 |b KHKT 
260 |c 1970 
650 |a botanical chemistry 
904 |i Minh, 960919 
980 |a Trung tâm Học liệu Trường Đại học Cần Thơ